Online Catalogue and eLibrary

Facets of ethnicity in Sri Lanka / (Record no. 197)

MARC details
000 -LEADER
fixed length control field 00626cam a2200205 a 4500
001 - CONTROL NUMBER
control field 545446
005 - DATE AND TIME OF LATEST TRANSACTION
control field 20240124063124.0
008 - FIXED-LENGTH DATA ELEMENTS--GENERAL INFORMATION
fixed length control field 880204s1987 ce b 000 0 eng
040 ## - CATALOGING SOURCE (பட்டியலாக்க மூலம்)
Original cataloging agency DLC
Transcribing agency DLC
Modifying agency DLC
082 00 - DDC Classification
Class No. 305.8/009549/3
DDC Edition Number 19
245 00 - TITLE STATEMENT
Title Facets of ethnicity in Sri Lanka /
Statement of responsibility, etc. edited by Charles Abeysekera, Newton Gunasinghe.
260 ## - PUBLICATION, DISTRIBUTION, ETC.
Place of publication, distribution, etc. Colombo, Sri Lanka :
Name of publisher, distributor, etc. Social Scientists Association,
Date of publication, distribution, etc. 1987.
300 ## - PHYSICAL DESCRIPTION
Extent (e.g. Volumes, Pages etc.) xii, 298 p. ;
500 ## - GENERAL NOTE
General note Contributed articles.
650 #0 - SUBJECT ADDED ENTRY--TOPICAL TERM
Topical term or geographic name entry element Ethnicity
650 #0 - SUBJECT ADDED ENTRY--TOPICAL TERM
Topical term or geographic name entry element Tamil (Indic people)
700 1# - ADDED ENTRY--PERSONAL NAME
Personal name Abeysekera, Charles.
Relator term (Role) Editor
700 1# - ADDED ENTRY--PERSONAL NAME
Personal name Gunasinghe, Newton.
Relator term (Role) Editor
942 ## - Koha item type (Biblio)
Koha item type Books in Stacks (Lending)
Holdings
Lost status Damaged status Collection code Home library Current library Date acquired Full call number Accession Number Item type
    Lending WERC Library WERC Library 01/24/2024 305.8/009549/3 65 Books in Stacks (Lending)

© WERC Library